Nazioni Tennisti primi in classifica ATP - Statistics

Statistiche generali
  • Questo quiz è stato fatto 83 volte
    60 dall'ultimo reset
  • Il punteggio medio è 12 su 15
Statistiche sulle risposte
Continente Numero giocatori Nazione % Corretto
America del Nord 6 Stati Uniti
100%
Europa 1 Italia
96%
Europa 4 Spagna
96%
America del Sud 1 Brasile
92%
Europa 1 Germania
90%
Asia / Europa 3 Russia
90%
Oceania 3 Australia
88%
Europa 3 Svezia
88%
Europa 1 Svizzera
88%
Europa 1 Regno Unito
86%
Europa 1 Serbia
86%
America del Sud 1 Cile
80%
Europa 1 Austria
62%
Europa 1 Romania
46%
Europa 1 Cecoslovacchia
24%
Nessun quiz corrispondente trovato
Distribuzione punteggi
Percentuale di utenti per punteggio
Percentile per numero di risposta
I tuoi punteggi nel tempo
Non hai fatto questo quiz dall'ultimo reset